UBT Library

The Penguin state of the world atlas / (Record no. 41820)

000 -LEADER
fixed length control field 00834cem a22003014a 4500
001 - CONTROL NUMBER
control field 13574348
005 - DATE AND TIME OF LATEST TRANSACTION
control field 20180205091051.0
007 - PHYSICAL DESCRIPTION FIXED FIELD--GENERAL INFORMATION
fixed length control field ad canzn
008 - FIXED-LENGTH DATA ELEMENTS--GENERAL INFORMATION
fixed length control field 040427s2003 nyu e 1 eng
010 ## - LIBRARY OF CONGRESS CONTROL NUMBER
LC control number 2004628698
020 ## - INTERNATIONAL STANDARD BOOK NUMBER
International Standard Book Number 0142003182 (pbk. : alk. paper)
034 0# - CODED CARTOGRAPHIC MATHEMATICAL DATA
Category of scale a
040 ## - CATALOGING SOURCE
Original cataloging agency DLC
Transcribing agency DLC
Modifying agency DLC
041 ## - LANGUAGE CODE
Language code of text/sound track or separate title eng
042 ## - AUTHENTICATION CODE
Authentication code pcc
052 ## - GEOGRAPHIC CLASSIFICATION
Geographic classification area code 3200
080 ## - UNIVERSAL DECIMAL CLASSIFICATION NUMBER
Universal Decimal Classification number 912 DAN
082 00 - DEWEY DECIMAL CLASSIFICATION NUMBER
Classification number 912 DAN
Edition number 22
100 1# - Rafti
Rafti 21
101 ## - Shkurtesa
Shkurtesa POL
245 14 - TITLE STATEMENT
Title The Penguin state of the world atlas /
Statement of responsibility, etc Dan Smith ; with Ane Bræin.
246 30 - VARYING FORM OF TITLE
Title proper/short title State of the world atlas
255 ## - CARTOGRAPHIC MATHEMATICAL DATA
Statement of scale Scale not given.
504 ## - BIBLIOGRAPHY, ETC. NOTE
Bibliography, etc Includes bibliographical references (p. 138-142) and index.
906 ## - LOCAL DATA ELEMENT F, LDF (RLIN)
a 7
b cbc
c origcop
d u
e ocip
f 20
g n-geogmaps
942 ## - ADDED ENTRY ELEMENTS (KOHA)
Source of classification or shelving scheme
Item type Books
Holdings
Withdrawn status Lost status Source of classification or shelving scheme Damaged status Not for loan Collection code Permanent location Current location Shelving location Date acquired Total Checkouts Full call number Barcode Date last seen Price effective from Koha item type
          Koleksioni i përgjithshem UBT - Lipjan UBT - Lipjan Koleksioni i përgjithshem 02/05/2018   912 DAN 002-2997580 02/05/2018 02/05/2018 Books
UBT Library © 2015-2024. All rights reserved University Education for Business and Technology